| 000 | 01040nam a22003137a 4500 | ||
|---|---|---|---|
| 003 | CHAP | ||
| 005 | 20220329140624.0 | ||
| 008 | 971013s1971 r 00010 d | ||
| 010 | _a54903 | ||
| 011 | _a55875 | ||
| 035 | _a60028 | ||
| 040 | _cCHAP | ||
| 090 | _aFolleto 178 | ||
| 100 | 0 | 0 |
_aSantiváñez Morales, José. _9102439 |
| 245 | 1 | _aCrianza moderna de chinchillas | |
| 260 |
_aMéxico, D.F. : _bCentro Regional de Ayuda Técnica, _c1971 |
||
| 300 |
_a76 p. _b: ilus. |
||
| 590 |
_aBATCH-UPD _b10 _c20130110 _lUCH01 _h0745 |
||
| 590 |
_aBATCH-UPD _b10 _c20130410 _lUCH01 _h0426 |
||
| 590 |
_aBATCH-UPD _b10 _c20130914 _lUCH01 _h0926 |
||
| 590 |
_aCONVERSION _b10 _c20130109 _lUCH01 _h1330 |
||
| 650 | 1 | 4 |
_aChinchillas. _922583 |
| 901 | _aBK | ||
| 942 | _cFOLL | ||
| 949 |
_aFolleto 178 _bBC _cFOLL _d-129561 _eTS1 _i60028 _si |
||
| 949 |
_aFolleto 178 _bBC _cFOLL _d-129563 _eTS2 _fc.3 _i60028 _si |
||
| 949 |
_aFolleto 178 _bBC _cFOLL _d00000000600284 _eTS2 _fc.4 _i60028 _sb |
||
| 949 |
_aFolleto 178 _bBC _cFOLL _d33724000606455 _eTS2 _fc.2 _i60028 _si |
||
| 999 |
_c54903 _d54903 |
||